[Event "RUS-chT Blitz (Women)"]
[Site "Sochi"]
[Date "2023.10.17"]
[Round "12.18"]
[White "Chistova, Ekaterina"]
[Black "Komissarova, Soigina"]
[Result "0-1"]
[WhiteElo "1223"]
[BlackElo "1859"]
[PlyCount "136"]
[EventDate "2023.10.17"]
[EventType "team-tourn (blitz)"]
[EventRounds "13"]
[EventCountry "RUS"]
[SourceTitle "Mega2024 Update 01"]
[Source "Chessbase"]
[SourceDate "2023.11.12"]
[SourceVersion "1"]
[SourceVersionDate "2023.11.12"]
[SourceQuality "1"]
[WhiteTeam "Moscow Botvinnik School (W) II"]
[BlackTeam "Buryatiya (W)"]
[WhiteTeamCountry "RUS"]
[BlackTeamCountry "RUS"]

1. d4 d5 2. c4 e6 3. Nf3 Nf6 4. Nc3 Be7 5. e3 0-0 6. Bd3 dxc4 7. Bxc4 a6 8. a4 Nbd7 9. 0-0 c5 10. b3 Qc7 11. d5 Nb6 12. dxe6 fxe6 13. Qc2 Nxc4 14. bxc4 b6 15. Bb2 Bb7 16. e4 Ng4 17. h3 Rxf3 18. hxg4 Rf7 19. Rad1 Raf8 20. f3 Bc6 21. Ne2 Bd6 22. Rfe1 Bh2+ 23. Kh1 Bd6 24. Ng1 Bg3 25. Re2 e5 26. Nh3 Qe7 27. Red2 Qh4 28. Kg1 h5 29. gxh5 Qxh5 30. Rd6 Be8 31. R6d5 Qh6 32. Bxe5 Qe3+ 33. Kh1 Bxe5 34. Rxe5 Rxf3 35. Rxe8 Rxh3+ 36. gxh3 Qxh3+ 37. Kg1 Qg4+ 38. Kh1 Qf3+ 39. Kg1 Rxe8 40. Qd2 Qg3+ 41. Kh1 Qh4+ 42. Kg1 Qg4+ 43. Kh2 Qh4+ 44. Kg1 Qxe4 45. Qd7 Qe3+ 46. Kh1 Qf3+ 47. Kg1 Rf8 48. Qe6+ Kh8 49. Re1 Qf2+ 50. Kh1 Qh4+ 51. Kg1 Qd4+ 52. Kh1 Qh4+ 53. Kg1 Qf6 54. Qh3+ Kg8 55. Qg2 Qd4+ 56. Kh1 Qxc4 57. Qg3 Qd5+ 58. Kg1 Qd4+ 59. Kh1 Qf6 60. Qb3+ Qf7 61. Qxb6 Qh5+ 62. Kg1 Qg4+ 63. Kh1 Qh4+ 64. Kg1 Qxe1+ 65. Kg2 Qf2+ 66. Kh1 Qh4+ 67. Kg1 Qg3+ 68. Kh1 Rf1# 0-1

[Event "RUS-chT Blitz (Women)"]
[Site "Sochi"]
[Date "2023.10.17"]
[Round "7.2"]
[White "Voit, Daria"]
[Black "Komissarova, Soigina"]
[Result "0-1"]
[WhiteElo "2343"]
[BlackElo "1859"]
[PlyCount "90"]
[EventDate "2023.10.17"]
[EventType "team-tourn (blitz)"]
[EventRounds "13"]
[EventCountry "RUS"]
[SourceTitle "Mega2024 Update 01"]
[Source "Chessbase"]
[SourceDate "2023.11.12"]
[SourceVersion "1"]
[SourceVersionDate "2023.11.12"]
[SourceQuality "1"]
[WhiteTeam "Moscow ShSM (W)"]
[BlackTeam "Buryatiya (W)"]
[WhiteTeamCountry "RUS"]
[BlackTeamCountry "RUS"]

1. d4 d5 2. c4 e6 3. Nf3 Nf6 4. g3 Be7 5. Bg2 0-0 6. 0-0 a5 7. Qc2 Nc6 8. cxd5 Nb4 9. Qd1 exd5 10. Nc3 Re8 11. Bf4 c6 12. Rc1 Bf8 13. Ne5 Nd7 14. Nd3 b6 15. Re1 Ba6 16. Nxb4 axb4 17. Nb1 Bb5 18. a3 bxa3 19. bxa3 Bxa3 20. Nxa3 Rxa3 21. e4 Rd3 22. Qc2 Rxd4 23. exd5 Rxe1+ 24. Rxe1 cxd5 25. Bc7 Qc8 26. Bd6 Rc4 27. Qb2 Bc6 28. Bh3 Qd8 29. Qa3 Nc5 30. Be7 Qa8 31. Qf3 Ne6 32. Bxe6 fxe6 33. Bd6 d4 34. Qg4 Bd5 35. Be5 Qf8 36. h4 Rc2 37. Bf4 Qf5 38. Qd1 Bb3 39. Qxd4 Bd5 40. Ra1 Rc8 41. Qxb6 Qe4 42. f3 Qxf3 43. Ra2 Qh1+ 44. Kf2 Qg2+ 45. Ke3 Qxa2 0-1

[Event "Satka Autumn (Women)"]
[Site "Satka"]
[Date "2023.09.01"]
[Round "4"]
[White "Borisova, Ekaterina"]
[Black "Komissarova, Soigina"]
[Result "1/2-1/2"]
[WhiteElo "2208"]
[BlackElo "1770"]
[PlyCount "141"]
[EventDate "2023.08.29"]
[EventType "swiss"]
[EventRounds "9"]
[EventCountry "RUS"]
[SourceTitle "EXT 2024"]
[Source "ChessBase"]
[SourceDate "2023.10.10"]
[SourceVersion "1"]
[SourceVersionDate "2023.10.10"]
[SourceQuality "1"]

1. Nf3 d5 2. g3 Nd7 3. d4 Nb6 4. Bg2 Bf5 5. Bf4 e6 6. 0-0 h6 7. Ne5 Be7 8. Nd2 Nf6 9. c4 c6 10. Qb3 g5 11. Be3 Qc7 12. Rac1 Rc8 13. f3 Nbd7 14. Nd3 0-0 15. Bf2 Bg6 16. Kh1 b6 17. cxd5 exd5 18. e4 Qb7 19. e5 Nh5 20. f4 f5 21. Nb4 Bf7 22. fxg5 hxg5 23. Nd3 Ng7 24. Bg1 Rfe8 25. Qd1 Nf8 26. b4 Nfe6 27. Qb3 Nc7 28. a4 a6 29. Rc2 Red8 30. Rfc1 Be8 31. Nb1 Kh8 32. Nc3 b5 33. Ra2 Ra8 34. Rca1 Nge6 35. Qb1 Bg6 36. Qd1 Kg7 37. Rc1 Qb6 38. Rac2 Rf8 39. Nb1 Be8 40. Nd2 bxa4 41. Nc5 Bxc5 42. bxc5 Qa5 43. Ra2 a3 44. Nb1 Nb5 45. Nxa3 Bg6 46. Rca1 f4 47. Nxb5 Qxb5 48. Bf2 Qd3 49. Qxd3 Bxd3 50. Bh3 fxg3 51. Bxg3 Nxd4 52. e6 Be4+ 53. Bg2 Bxg2+ 54. Kxg2 Nxe6 55. Be5+ Kg6 56. Rxa6 Rxa6 57. Rxa6 Kf5 58. Bd6 Rc8 59. Kf3 Nd4+ 60. Ke3 Nb5 61. Bg3 Re8+ 62. Kd3 Re6 63. Ra8 Kg4 64. Ra1 Re4 65. Ra6 Re6 66. Ra8 Re4 67. Bd6 Re6 68. Bg3 Re4 69. Rc8 Re6 70. Rf8 Na3 71. Rc8 1/2-1/2

[Event "St Petersburg Korchnoi Memorial op"]
[Site "St Petersburg"]
[Date "2023.08.24"]
[Round "9"]
[White "Poliakova, Varvara"]
[Black "Komissarova, Soigina"]
[Result "1-0"]
[WhiteElo "2101"]
[BlackElo "1770"]
[PlyCount "101"]
[EventDate "2023.08.18"]
[EventType "swiss"]
[EventRounds "9"]
[EventCountry "RUS"]
[SourceTitle "EXT 2024"]
[Source "ChessBase"]
[SourceDate "2023.10.10"]
[SourceVersion "1"]
[SourceVersionDate "2023.10.10"]
[SourceQuality "1"]

1. e4 c5 2. Nf3 e6 3. d4 cxd4 4. Nxd4 a6 5. Nc3 Qc7 6. Qd3 Nf6 7. Qg3 d6 8. Be2 b5 9. a3 Bb7 10. f3 Nbd7 11. Be3 Rc8 12. 0-0 d5 13. Qxc7 Rxc7 14. exd5 Nxd5 15. Nxd5 Bxd5 16. a4 e5 17. Nf5 g6 18. Ng3 Bg7 19. axb5 axb5 20. Bxb5 f5 21. Rfd1 Be6 22. Ra6 Kf7 23. c4 Rhc8 24. b3 Nb8 25. Rb6 Bf8 26. Ne2 Nc6 27. Rxc6 Rxc6 28. Bxc6 Rxc6 29. Nc3 Ra6 30. Nb5 Ra2 31. f4 exf4 32. Bd4 Bd7 33. Nc3 Rb2 34. Rb1 Rd2 35. Bf2 Bc6 36. Nb5 Bg7 37. b4 Be4 38. Re1 Ke6 39. Nc7+ Kd7 40. Na6 Rc2 41. Nc5+ Kc6 42. b5+ Kd6 43. Rd1+ Ke5 44. Bd4+ Kd6 45. Nxe4+ fxe4 46. Bxg7+ Kc5 47. Rb1 Kb6 48. Bd4+ Kb7 49. c5 e3 50. c6+ Kc8 51. b6 1-0

[Event "St Petersburg Korchnoi Memorial op"]
[Site "St Petersburg"]
[Date "2023.08.21"]
[Round "5"]
[White "Shakuro, Petr E"]
[Black "Komissarova, Soigina"]
[Result "1-0"]
[WhiteElo "1000"]
[BlackElo "1770"]
[PlyCount "120"]
[EventDate "2023.08.18"]
[EventType "swiss"]
[EventRounds "9"]
[EventCountry "RUS"]
[SourceTitle "EXT 2024"]
[Source "ChessBase"]
[SourceDate "2023.10.10"]
[SourceVersion "1"]
[SourceVersionDate "2023.10.10"]
[SourceQuality "1"]

1. e4 c5 2. Nf3 e6 3. d4 cxd4 4. Nxd4 a6 5. Bd3 Nf6 6. 0-0 Qc7 7. Qe2 d6 8. c4 Nbd7 9. f4 b6 10. Nc3 Bb7 11. a3 Be7 12. b4 h5 13. h3 h4 14. Be3 Nh5 15. Rfc1 Ndf6 16. Qf3 g6 17. Bf2 Nd7 18. Qe3 Bf6 19. Nf3 Qd8 20. f5 g5 21. fxe6 fxe6 22. c5 bxc5 23. bxc5 Ne5 24. cxd6 0-0 25. Rab1 Rb8 26. Nxe5 Bxe5 27. Bc4 Nf4 28. Qa7 Qf6 29. Nd1 Qf7 30. Bd4 Bxd6 31. Nf2 Bxa3 32. Ng4 Kh7 33. Rc3 Bd6 34. Rcb3 Bxe4 35. Nf6+ Kg6 36. Qxf7+ Rxf7 37. Nxe4 Rxb3 38. Rxb3 Bc7 39. Bxa6 Kf5 40. Nd2 Rd7 41. Be3 Nd5 42. Bd3+ Kf6 43. Ne4+ Ke5 44. Nc5 Rf7 45. Bf2 Bd8 46. Bc4 Nf4 47. Re3+ Kd6 48. Nxe6 Bb6 49. Nxf4 Bxe3 50. Bxf7 Bxf4 51. Bg8 Ke5 52. Kf1 Ke4 53. Ke2 Bd6 54. Be1 Be7 55. Bd2 Bf6 56. Bh7+ Kd4 57. Kf3 Bd8 58. Kg4 Bc7 59. Bxg5 Ba5 60. Kxh4 Be1+ 1-0

[Event "Cheliabinsk Panchenko Memorial op-B"]
[Site "Cheliabinsk"]
[Date "2022.09.14"]
[Round "3"]
[White "Zaikina, Yuliya"]
[Black "Komissarova, Soigina"]
[Result "0-1"]
[WhiteElo "1656"]
[BlackElo "1841"]
[PlyCount "72"]
[EventDate "2022.09.12"]
[EventType "swiss"]
[EventRounds "10"]
[EventCountry "RUS"]
[SourceTitle "CBM 210 Extra"]
[Source "ChessBase"]
[SourceDate "2022.11.30"]
[SourceVersion "1"]
[SourceVersionDate "2022.11.30"]
[SourceQuality "1"]

1. e4 c5 2. Nf3 e6 3. d4 cxd4 4. Nxd4 a6 5. Nc3 b5 6. Bd3 Qb6 7. Nb3 Qc7 8. 0-0 Bb7 9. Be3 Nf6 10. f4 d6 11. Qf3 Nbd7 12. Kh1 Be7 13. a4 b4 14. Na2 d5 15. e5 d4 16. Qe2 dxe3 17. exf6 Nxf6 18. Qxe3 0-0 19. c3 Nd5 20. Qd2 Bd6 21. Nxb4 Nxf4 22. Rf2 e5 23. Bc2 Rad8 24. Nd3 Nh3 25. Rff1 e4 26. Ne1 Bf4 27. Qe2 Bd5 28. Nd4 Ng5 29. Qg4 Ne6 30. Nf5 g6 31. Ng3 f5 32. Qh3 Bc4 33. Rg1 Be3 34. Bd1 Bxg1 35. Kxg1 Qb6+ 36. Kh1 Qxb2 0-1

[Event "RUS-ch Higher League (Women) 70th"]
[Site "Sochi"]
[Date "2020.10.15"]
[Round "7"]
[White "Komissarova, Soigina"]
[Black "Charochkina, Daria"]
[Result "0-1"]
[WhiteElo "1780"]
[BlackElo "2356"]
[PlyCount "70"]
[EventDate "2020.10.08"]
[EventType "swiss"]
[EventRounds "9"]
[EventCountry "RUS"]
[SourceTitle "CBM 198 Extra"]
[Source "ChessBase"]
[SourceDate "2020.11.30"]
[SourceVersion "1"]
[SourceVersionDate "2020.11.30"]
[SourceQuality "1"]

1. c4 b6 2. Nc3 Bb7 3. e4 c5 4. g3 h5 5. h4 e6 6. Bg2 Nf6 7. d3 Nc6 8. Nge2 Be7 9. 0-0 Ng4 10. f3 Nge5 11. Be3 d6 12. a3 Qd7 13. Rb1 g5 14. hxg5 h4 15. Rf2 0-0-0 16. g4 h3 17. Bh1 Rdg8 18. Qd2 f6 19. b3 fxg5 20. d4 h2+ 21. Kf1 cxd4 22. Nxd4 Rh3 23. Ke2 Nxd4+ 24. Bxd4 Ng6 25. Kd1 Nf4 26. Kc2 d5 27. Kb2 dxe4 28. fxe4 Rd3 29. Qc2 Qxd4 30. Rxh2 Bf6 31. Rc1 Rd8 32. e5 Bxe5 33. Bxb7+ Kxb7 34. Kb1 Rxc3 35. Qh7+ Rd7 0-1

[Event "RUS-ch Higher League (Women) 70th"]
[Site "Sochi"]
[Date "2020.10.11"]
[Round "4"]
[White "Miroshnik, Ekaterina"]
[Black "Komissarova, Soigina"]
[Result "1-0"]
[WhiteElo "2104"]
[BlackElo "1780"]
[PlyCount "137"]
[EventDate "2020.10.08"]
[EventType "swiss"]
[EventRounds "9"]
[EventCountry "RUS"]
[SourceTitle "CBM 198 Extra"]
[Source "ChessBase"]
[SourceDate "2020.11.30"]
[SourceVersion "1"]
[SourceVersionDate "2020.11.30"]
[SourceQuality "1"]

1. d4 d5 2. c4 e6 3. Nf3 c6 4. Nbd2 Nf6 5. e3 c5 6. cxd5 exd5 7. Bb5+ Bd7 8. Be2 Nc6 9. 0-0 Be7 10. dxc5 Bxc5 11. Nb3 Bb6 12. Bd2 0-0 13. Bc3 Be6 14. Rc1 Rc8 15. Nbd4 Ne4 16. Nxc6 bxc6 17. Be5 f6 18. Bg3 Nxg3 19. hxg3 c5 20. Ne1 Qd6 21. Nd3 Rfd8 22. Nf4 Bf7 23. Bg4 Rc7 24. Qc2 c4 25. Rfd1 Qe5 26. Bf3 g5 27. Ne2 Bg6 28. Qd2 Rcd7 29. Nd4 Bd3 30. Nc6 Qc7 31. Nxd8 Qxd8 32. Be2 Ba5 33. b4 Bxb4 34. Qxb4 Bxe2 35. Rd2 Bd3 36. Rb2 Kg7 37. Qc3 Qe7 38. Rb5 Qd6 39. Qb2 c3 40. Rxc3 Bxb5 41. Qxb5 Qe6 42. Rc6 Qg4 43. Qd3 Rb7 44. Qc2 Rd7 45. Qb1 Qa4 46. Qc2 Qg4 47. Qb3 Qe2 48. Rc1 Qg4 49. Rd1 Qf5 50. Qd3 Qe6 51. Qd4 Qa6 52. e4 Qxa2 53. exd5 a5 54. Re1 Qxd5 55. Re7+ Rxe7 56. Qxd5 Ra7 57. Qc5 Rd7 58. Qxa5 Rf7 59. Qc5 Kg6 60. Qd6 h6 61. Qe6 Kg7 62. Kh2 Kg6 63. Kh3 h5 64. f4 g4+ 65. Kh4 Rg7 66. Qe8+ Rf7 67. Qg8+ Rg7 68. f5+ Kh6 69. Qh8+ 1-0

[Event "Moscow op (Women) 16th"]
[Site "Moscow"]
[Date "2020.01.30"]
[Round "6"]
[White "Karmanova, Olga Dm"]
[Black "Komissarova, Soigina"]
[Result "1-0"]
[WhiteElo "1842"]
[BlackElo "1609"]
[PlyCount "61"]
[EventDate "2020.01.25"]
[EventType "swiss"]
[EventRounds "9"]
[EventCountry "RUS"]
[SourceTitle "CBM 194 Extra"]
[Source "ChessBase"]
[SourceDate "2020.03.31"]
[SourceVersion "1"]
[SourceVersionDate "2020.03.31"]
[SourceQuality "1"]

1. Nf3 d5 2. c4 Nf6 3. g3 e6 4. Bg2 c6 5. b3 Nbd7 6. Bb2 Bd6 7. 0-0 0-0 8. Nc3 b6 9. Rc1 Ba6 10. d3 e5 11. cxd5 cxd5 12. d4 e4 13. Nh4 Re8 14. f3 Rc8 15. Nf5 Bf8 16. Qd2 b5 17. a3 Kh8 18. fxe4 dxe4 19. Qf4 b4 20. axb4 Bxb4 21. Nxe4 Nxe4 22. Bxe4 Bxe2 23. Rxc8 Qxc8 24. Rf2 Bd1 25. d5 f6 26. Nxg7 Bc5 27. Ne6 Bxf2+ 28. Kxf2 Qb7 29. Qf5 Nf8 30. Qxf6+ Kg8 31. Qh8+ 1-0